Geschichte meines Lebens (Record no. 6059)

MARC details
000 -CABECERA
campo de control de longitud fija 00619nam a2200205 a 4500
001 - NÚMERO DE CONTROL
campo de control BRCA_6373
005 - FECHA Y HORA DE LA ÚLTIMA TRANSACCIÓN
campo de control 20190320205430.0
008 - DATOS DE LONGITUD FIJA--INFORMACIÓN GENERAL
campo de control de longitud fija 260811s1921----gw-#######---#000-0#ger-#
041 ## - CÓDIGO DE LENGUA
Código de lengua del texto/banda sonora o título independiente ger
044 ## - CÓDIGO DEL PAÍS DE LA ENTIDAD EDITORA/PRODUCTORA
Código MARC del país gw
050 #4 - SIGNATURA TOPOGRÁFICA DE LA BIBLIOTECA DEL CONGRESO
Número de clasificación CT275
Número de documento/Ítem .C3 A35
-- 1921
100 1# - ENTRADA PRINCIPAL--NOMBRE DE PERSONA
Nombre de persona Carnegie, Andrew
Fechas asociadas al nombre 1835-1919.
9 (RLIN) 15961
245 10 - MENCIÓN DE TÍTULO
Título Geschichte meines Lebens
Mención de responsabilidad, etc. Andrew Carnegie; Berechtigte deutsche ausgabe bearbeitet von professor dr. Johannes Werner.
260 ## - PUBLICACIÓN, DISTRIBUCIÓN, ETC.
Lugar de publicación, distribución, etc. Leipzig
Nombre del editor, distribuidor, etc. K.F. Koehler
Fecha de publicación, distribución, etc. 1921
300 ## - DESCRIPCIÓN FÍSICA
Extensión xii, 228 p.
Dimensiones 23 cm.
500 ## - NOTA GENERAL
Nota general K151
700 1# - PUNTO DE ACCESO ADICIONAL--NOMBRE DE PERSONA
Nombre de persona Werner, Johannes
Fecha de publicación/de la obra 1864-1937
Término indicativo de función/relación ed.
9 (RLIN) 15962
902 ## - CATALOGADOR
Iniciales GFM
942 ## - ELEMENTOS DE PUNTO DE ACCESO ADICIONAL (KOHA)
Fuente del sistema de clasificación o colocación Library of Congress Classification
Tipo de ítem Koha Libros
Holdings
Estado de retiro Estado de pérdida Estado dañado No para préstamo Localización permanente Ubicación/localización actual Fecha de adquisición Número de inventario Total de préstamos Signatura topográfica completa Código de barras Fecha visto por última vez Precio válido a partir de Tipo de ítem Koha
El ejemplar forma parte de la colección y puede ser consultado según las políticas vigentes.       Biblioteca del Museo Franz Mayer (Rogerio Casas-Alatriste) Biblioteca del Museo Franz Mayer (Rogerio Casas-Alatriste) 26/08/2011 K151   CT275 .C3 A35 1921 (K151) 6820 22/03/2019 22/03/2019 Libros